000 00883nam a2200229 a 4500
005 20141216115139.0
008 140128b20072009ck ||||| |||| 00| 0 spa d
040 _cCO-BoIH
041 _aspa
044 _ack
090 _aIAVH
_b00940
100 _aMorales Rivas, Mónica
_95324
245 _aPresencia de la Asociación Colombiana de Reservas de la Sociedad Civil en los Andes Colombianos. Variaciones en los últimos años
260 _aBogotá
_bInstituto Alexander von Humboldt
_c2008-07-09
300 _a24 p.
520 _aPresenta un análisis que evalúa los niveles de presencia de las Reservas Naturales de la Sociedad Civil adscritas a Resnatur, en el área de inflluencia del proyecto Andes
650 _aEvaluación niveles de presencia
_95610
650 _aRestaurar
_95611
650 _aAndes colombianos
_930322
942 _cINFORME
_2z
945 _d2008-07-09
999 _c6379
_d6379